00658 2200181 4500001002100000005001500021035002000036245012700056100002700183250001200210300005400222700009000276260004600366082001200412084001800424020001800442600001600460INLIS00000000114672320260211091404 a0010-02260003431 aBUKU PINTAR ANTARIKSA /cPenulis Anggraeni Windi Gernia ;Penyunting ; Fira Husaini ; Pemeriksa Aksara ; Shofa Nurrofiqah ;0 aAnggraeni Windi Gernia aPertama aiii 28 halaman :bIlustrasi ;c19 x 26 cmekertas0 aPenyunting Gernia ;Penyunting ; Fira Husaini ; Pemeriksa Aksara ; Shofa Nurrofiqah ; aYogyakarta :bAnak Hebat Indonesia,c2024 a157.724 a157.724 ANG b a9786231641427 4aantarariksa